Online
Catalog

Filosofía americana : (Record no. 23676)

MARC details
000 -CABECERA
campo de control de longitud fija 01071nam a2200253 a 4500
001 - NÚMERO DE CONTROL
campo de control 000024182
005 - FECHA Y HORA DE LA ÚLTIMA TRANSACCIÓN
campo de control 20250526115843.0
008 - DATOS DE LONGITUD FIJA--INFORMACIÓN GENERAL
campo de control de longitud fija 110119s1969 sp r 000 0 spa d
040 ## - FUENTE DE LA CATALOGACIÓN
Centro catalogador/agencia de origen DO-SdBNP
Lengua de catalogación spa
Centro/agencia transcriptor BNPHU
041 17 - CÓDIGO DE LENGUA
Código de lengua del texto/banda sonora o título independiente spa
Código de lengua original eng
Fuente del código Código de idioma MARC
082 ## - NÚMERO DE LA CLASIFICACIÓN DECIMAL DEWEY
Número de clasificación 191
Número de documento/Ítem M322f
049 ## - FONDOS LOCALES (OCLC)
Fondos de biblioteca BNGR
100 1# - ENTRADA PRINCIPAL--NOMBRE DE PERSONA
Nombre de persona Marcuse, Herbert,
Fechas asociadas al nombre 1898-1979
9 (RLIN) 5128
240 10 - TÍTULO UNIFORME
Título uniforme Amerikanisches philosophieren : pragmatisten, polyteisten, tragiker.
Lenguaje de la obra Español.
245 10 - MENCIÓN DE TÍTULO
Título Filosofía americana :
Resto del título pragmatistas, politeistas, tragicos /
Mención de responsabilidad, etc. Ludwig Marcuse ; traducción al castellano Rufino Jimeno Peña.
260 ## - PUBLICACIÓN, DISTRIBUCIÓN, ETC.
Lugar de publicación, distribución, etc. Madrid, (España) :
Nombre del editor, distribuidor, etc. Ediciones Guadarrama,
Fecha de publicación, distribución, etc. 1969.
490 1# - MENCIÓN DE SERIE
Mención de serie universitaria de bolsillo. Punto omega
Designación de volumen o secuencia 77
534 ## - NOTA SOBRE LA VERSIÓN ORIGINAL
Encabezamiento principal del original Título original:
Mención de título del original Amerikanisches philosophieren : pragmatisten, polyteisten, tragiker.
650 #4 - PUNTO DE ACCESO ADICIONAL DE MATERIA--TÉRMINO DE MATERIA
Término de materia o nombre geográfico como elemento de entrada Filosofía americana
9 (RLIN) 49661
650 #4 - PUNTO DE ACCESO ADICIONAL DE MATERIA--TÉRMINO DE MATERIA
Término de materia o nombre geográfico como elemento de entrada Filosofía estadounidense
9 (RLIN) 49662
650 #4 - PUNTO DE ACCESO ADICIONAL DE MATERIA--TÉRMINO DE MATERIA
Término de materia o nombre geográfico como elemento de entrada Filosofía norteamericana
9 (RLIN) 49663
700 1# - PUNTO DE ACCESO ADICIONAL--NOMBRE DE PERSONA
Nombre de persona Jimeno Peña, Rufino
Término indicativo de función/relación tr.
9 (RLIN) 49664
830 #0 - PUNTO DE ACCESO ADICIONAL DE SERIE-TÍTULO UNIFORME
Título uniforme universitaria de bolsillo. Punto omega ;
Designación de volumen o secuencia 77
9 (RLIN) 19353
Holdings
Estado de retiro Estado de pérdida Restricciones de uso No para préstamo Código de colección Localización permanente Ubicación/localización actual Ubicación en estantería Fecha de adquisición Número de inventario Total de préstamos Signatura topográfica completa Código de barras Fecha visto por última vez Precio válido a partir de Tipo de ítem Koha
        Monografías: Libros y Folletos General General En catalogación 19.01.2011 LF1   191 M322f 24182-10 25.06.2020 25.06.2020 Préstamo en sala

Powered by Koha